Rock Bands by Similar Words - Statistics

General Stats
  • This quiz has been taken 45 times
  • The average score is 14 of 23
Answer Stats
Hint Answer % Correct
Firearms and Tulips Guns N' Roses
93%
The What The Who
90%
Crimson Warm Jalapeños Red Hot Chili Peppers
88%
The Spinning Rocks The Rolling Stones
85%
Princess Queen
83%
The Coast Guys The Beach Boys
80%
The Pale Strips The White Stripes
80%
Polar Orangutans Arctic Monkeys
73%
Thankful Deceased Grateful Dead
68%
Verde Morning Green Day
60%
Conversing Craniums Talking Heads
60%
Gaping Violet Deep Purple
58%
Steel Unmarried Iron Maiden
55%
Gem Jelly Pearl Jam
53%
Lotion Cream
50%
Rose Mayweather Pink Floyd
48%
The Arachnids The Beatles
48%
Washington Jet Jefferson Airplane
43%
Nebraska Kansas
43%
Dark Day of Rest Black Sabbath
35%
Bliss Nirvana
33%
The Beasts The Animals
33%
The Hatches The Doors
28%
No matching quizzes found
Score Distribution
Percent of People with Each Score
Percentile by Number Answered
Your Score History
You have not taken this quiz